000 00794nam a2200265Ia 4500
003 OSt
005 20220926005647.0
006 a|||||r|||| 00| 0
007 ta
008 220923b |||||||| |||| 00| 0 eng d
020 _a97800070682122
_c552.5
037 _b882, 14/03/2014, Pranami Book Service
_cGeneral Book
040 _aRTL
_cRTL
_beng
041 _2eng
_aeng
082 _aX9(Y):51, Q0
100 _aNARGUNDKAR Rajendra.
_9305267
245 0 _aServices marketing
250 _a3rd
260 _a New Delhi
_bTata Mcgraw Hill
_c2010
300 _axix, 469p.
_ccm.
500 _aBibliography: p 287-306
650 _aCommerce
942 _hX9(Y):51, Q0
_cGB
_2CC
999 _c614707
_d614707